000 00375nam a22001337a 4500
005 20200710124518.0
008 200710b xxu||||| |||| 00| 0 eng d
082 _a345.4005 DEB-I
100 _aDEB,ASHOK KUMAR
_96283
245 _aINDIAN BAR REVIEW Vol. XXXVII (1TO4) 2011(JAN TO DEC)
260 _aNEW DELHI
_bBAR COUNCIAL OF INDIA
_c2011
650 _aLAW
_95701
942 _cJRL
999 _c7404
_d7402